| 000 | 00435nam a2200157Ia 4500 | ||
|---|---|---|---|
| 008 | 160316s1994 xxu||||| |||| 00| 0 eng d | ||
| 082 |
_a342.085800 _bMIS |
||
| 100 | _aMishra G | ||
| 245 | _aRight to privacy in India | ||
| 250 | _a | ||
| 260 |
_aDelhi _bPreeti Publications _c1994 |
||
| 300 |
_a205p _b _c |
||
| 365 | _b Gratis | ||
| 650 | _a1. Human Rights - Right to Privacy - India 2. Fundamental Rights - Privacy | ||
| 700 |
_a _a |
||
| 999 |
_c38655 _d38655 |
||